| 000 | 00678nam a2200145Ia 4500 | ||
|---|---|---|---|
| 008 | 220620s9999||||xx |||||||||||||| ||und|| | ||
| 020 | _a9789610000000 | ||
| 022 | _a2335-4208 | ||
| 100 | _aStichelbaut, Birger | ||
| 245 | 0 |
_aForgotten and lost? _bArchival research of aerial photographic collections of the Western Front 1914-1918: A guide to the archives |
|
| 546 | _aEnglish[eng] | ||
| 650 | _aair photos||archives||historical sources||photographic collections||World War 1914-1918||arhivsko gradivo||fotografije iz zraka||fotografske zbirke||svetovna vojna 1914-1918||zgodovinski viri | ||
| 856 | _uhttps://omp.zrc-sazu.si/zalozba/catalog/view/919/3899/429-3 | ||
| 942 | _cEB | ||
| 999 |
_c28852 _d28852 |
||